000 00764nam a2200217 a 4500
008 130404s2010 ||||||||||||||||| || u
020 _a9781439046579
050 _aQA 154.2 Gus
100 _aFrisk, Peter D
245 1 0 _aCollege Algebra. (10th ed.)
_cby David R. Gustafson (and others)
250 _a10th ed.
260 _aBelmont:
_bCengage Learning
_c2010
260 _aBelmont:
_bBrookes/Cole
_c2010
300 _axv, 752p. (various pagings): ill.
650 _aTEXTBOOKS
650 0 _aALGEBRAS, LINEAR
650 0 _aOPERATIONS RESEARCH--MATHEMATICS
700 _aGustafson, David R
700 _aHughes, Jeffrey D
995 _FCBU-MAIN LIBRARY (Kitwe)
_M1
_UAVAILABLE
_WApr 29, 2013
_ZShort Loan Collection
999 _c37686
_d37686